000
00265nam a22001097a 4500
082
_a
666.1 WEY'C
100
_a
MARBOL, E. C,WEYL, WOLDEMAR A
_9
56935
245
_a
THE CONSTITUTION OF GLASSES
250
_a
VOL-1
260
_a
NEWYORK
_b
JOHN WILEY
_c
1962
942
_c
BK
999
_c
567251
_d
567251